000 00939nam a2200277 i 4500
001 bg
003 BPK
005 20220504131201.0
008 030321s2003 pl f |001 0 pol
015 _aPB 2003/5284
020 _a8371101422
040 _aWA N
_cBPK
041 0 _apol
080 _a347.72(438)
245 0 0 _aKodeks spółek handlowych.
_nT. 3,
_pKomentarz do artykułów 301-458 /
_cStanisław Sołtysiński [et al.].
260 _aWarszawa :
_bC. H. Beck,
_c2003.
300 _aXIV, 1270 s. ;
_c23 cm.
490 1 _aDuże Komentarze Becka.
504 _aBibliogr. przy rozdz. Indeks.
650 4 _aSpółki handlowe
_xprawo
_zPolska.
700 1 _aSołtysiński, Stanisław
_d(1939- ).
710 2 _aWydawnictwo C.H. Beck.
_4pbl.
856 _uhttp://koha.tu.koszalin.pl/cgi-bin/koha/opac-detail.pl?biblionumber=42594
_yKatalog online BPK
830 0 _aDuże Komentarze Becka
942 _2UKD
_cKS
999 _c42594
_d42594